00525nam a22001937a 450000500170000001000110001702000100002803500110003803700160004904000120006508200150007724500500009226000380014227000440018030000250022450000200024965000390026965000230030820170124110251.0 a291523 c00.00 a291523 bCen Lib/Ret aDPLbEN a230.6bIND aIndia the land of sacred shrines and cities / aDelhi bAnmol Publications c1986 a20, New Layal pur Ext. bDelhi e110051 axiv,498p. c19cm(Hb) aIncludes index  a India -- Description and travel.  a Temples -- India.